| 000 | 00582nam a2200193 i 4500 | ||
|---|---|---|---|
| 001 | bgj | ||
| 100 | 1 | _aHAINES, Simon | |
| 245 | 1 | 0 |
_aLandmark : _bintermediate : student's book / _cSimon Haines and Barbara Stewart. |
| 260 |
_aOxford : _bOxford University Press, _c2000. |
||
| 300 |
_a159 pp : _bill. ; _c28 cm. |
||
| 650 | 9 |
_aEnglish language _xTextbooks for foreigners _xIntermediate |
|
| 700 | 1 |
_aSTEWART, Barbara. _eco-author |
|
| 020 | _a019433080X | ||
| 040 | _cBPK | ||
| 041 | 0 | _aeng | |
| 920 | _a0-19-433080-X | ||
| 942 | _cKS | ||
| 008 | s uk f |000 0 eng | ||
| 999 |
_c49087 _d49087 |
||